000 00668nam a2200241Ia 4500
005 20260121112728.0
008 8323 260114s9999 xx 000 0 eng d
020 _a9789812702388
037 _aEBOOK
040 _aCRL
_beng
_cCRL
041 _aeng
_2eng
084 _qCRL
100 _aRagaini R
_9962269
245 0 _aInternational Seminar on Nuclear War and Planetary Emergencies - 31St Session
260 _bWorld Scientific
260 _bWSPC
260 _c2004
650 _aSocial Sciences
_9962270
856 _uhttps://www.worldscientific.com/worldscibooks/10.1142/5669#t=toc
942 _cEBOOK
999 _c1545623
_d1545623